000 00413nam a2200133Ia 4500
005 20260328104252.0
008 260328s9999||||xx |||||||||||||| ||und||
100 _aDíaz Salazar, Francisco
245 0 _aPremio Corona Pro Habitat :
_b Por una Vivienda digna para Colombia (2006-2007) /
_cFrancisco Díaz Salazar
260 _bHorizonte
300 _a112 p.
650 _aVIVIENDA DE INTERÉS SOCIAL
942 _cBK
999 _c10277
_d10277